| 000 | 03030cam a2200481Ia 4500 | ||
|---|---|---|---|
| 999 |
_c5450 _d5450 |
||
| 001 | ocn781716325 | ||
| 003 | OCoLC | ||
| 005 | 20200902141437.0 | ||
| 006 | m o d | ||
| 007 | cr cnu---unuuu | ||
| 008 | 120327s2012 enk ob 001 0 eng d | ||
| 020 | _z9781107012295 | ||
| 035 | _a(OCoLC)781716325 | ||
| 040 |
_aN$T _beng _epn _cTZ-ArACH |
||
| 043 | _ae-uk--- | ||
| 049 | _aTZAA | ||
| 050 | 4 |
_aKF889 _b.M37 2012 |
|
| 100 | 1 |
_aMason, Stephen _c(Barrister) |
|
| 245 | 1 | 0 |
_aElectronic signatures in law / _cStephen Mason. |
| 250 | _a3rd ed. | ||
| 260 |
_aCambridge : _bCambridge University Press, _c2012. |
||
| 300 |
_axxxvi; 371 p. _c23 cm. |
||
| 490 | 1 | _aLaw practitioner series | |
| 500 | _aPrevious edition: Haywards Heath: Tottel, 2007. | ||
| 504 | _aIncludes bibliographical references and index. | ||
| 505 | 0 | _aThe signature -- International initiatives -- European Union Directive on electronic signatures -- England and Wales, Northern Ireland and Scotland -- International comparison of electronic signature laws -- The form of and electronic signature -- Digital signatures -- Liability -- Evidence -- Data protection. | |
| 520 | _aElectronic signatures are ubiquitous. Anyone sending an e-mail or using a credit card uses one. They can have a bearing on all areas of law, and no lawyer is immune from having to advise clients about their legal consequences. This third edition provides an exhaustive discussion of what constitutes an electronic signature, the forms an electronic signature can take and the issues relating to evidence, formation of contract and negligence in respect of electronic signatures. Case law from a wide range of common law and civil law jurisdictions is analysed to illustrate how judges have dealt with changes in technology in the past and how the law has adapted in response. | ||
| 650 | 0 |
_aDigital signatures _xLaw and legislation _zGreat Britain. |
|
| 650 | 0 |
_aElectronic commerce _xLaw and legislation _zGreat Britain. |
|
| 650 | 7 |
_aLaw _xMilitary. _2bisacsh |
|
| 650 | 7 |
_aDigital signatures _xLaw and legislation. _2fast |
|
| 650 | 7 |
_aElectronic commerce _xLaw and legislation. _2fast |
|
| 651 | 7 |
_aGreat Britain. _2fast |
|
| 776 | 0 | 8 |
_iPrint version: _aMason, Stephen, barrister. _tElectronic signatures in law. _b3rd ed. _dCambridge : Cambridge University Press, 2012 _z9781107012295 _w(OCoLC)756281106 |
| 830 | 0 | _aLaw practitioner series. | |
| 856 | 4 | 0 |
_3Cambridge Books Online _uhttp://dx.doi.org/10.1017/CBO9780511998058 |
| 856 | 4 | 0 |
_3ebrary _uhttp://site.ebrary.com/id/10539375 |
| 856 | 4 | 0 |
_3EBSCOhost _uhttp://search.ebscohost.com/login.aspx?direct=true&scope=site&db=nlebk&db=nlabk&AN=435261 |
| 856 | 4 | 0 |
_3MyiLibrary _uhttp://www.myilibrary.com?id=358017 |
| 856 | 4 | 0 |
_uhttps://0-www.cambridge.org.catalogue.libraries.london.ac.uk/core/product/identifier/9780511998058/type/BOOK _zAccess onsite at IALS {u2013} Cambridge Core Books Online |
| 856 | 4 | 0 | _uhttp://www.vlebooks.com/vleweb/product/openreader?id=none&isbn=9781139209854 |
| 942 |
_2lcc _cBOOK |
||